[Event "Wch U18 Girls"]
[Site "Florianopolis"]
[Date "2024.11.05"]
[Round "7"]
[White "Montiel Caceres, Helen"]
[Black "Sala, Giulia"]
[Result "1-0"]
[WhiteElo "2055"]
[BlackElo "2159"]
[PlyCount "93"]
[EventDate "2024.10.29"]
[EventType "swiss"]
[EventRounds "11"]
[EventCountry "BRA"]
[SourceTitle "CB45_2024"]
[Source "ChessBase"]
[SourceDate "2024.11.06"]
[SourceVersion "1"]
[SourceVersionDate "2024.11.06"]
[SourceQuality "1"]

1. c4 c5 2. g3 g6 3. Bg2 Bg7 4. Nc3 Nc6 5. Nf3 d6 6. 0-0 e6 7. e3 Nge7 8. d4 0-0 9. Re1 b6 10. b3 Rb8 11. Bb2 Bb7 12. Qd2 cxd4 13. exd4 d5 14. cxd5 Nxd5 15. Ba3 Re8 16. Ne4 a5 17. Nd6 Re7 18. Nxb7 Rexb7 19. Ne5 Rc7 20. Rac1 Rbc8 21. Bb2 Ncb4 22. Rxc7 Rxc7 23. Nc4 b5 24. Bxd5 Qxd5 25. Ne3 Qe4 26. Bc3 Nd5 27. Bxa5 Rc8 28. Nxd5 Qxd5 29. Rd1 h5 30. h4 Kh7 31. Bb6 Bh6 32. Qe2 Rc6 33. Bc5 e5 34. b4 e4 35. Re1 Re6 36. Qxb5 e3 37. Qe2 g5 38. hxg5 Qxg5 39. Qd3+ Rg6 40. Qxe3 Qd5 41. Qe5 Qxa2 42. Qxh5 Rf6 43. d5 Qd2 44. Rd1 Qc3 45. Be3 Rg6 46. Rc1 Qxb4 47. Bxh6 1-0

[Event "Wch U18 Girls"]
[Site "Florianopolis"]
[Date "2024.10.30"]
[Round "2"]
[White "Mendoza Gomez, Juana Fernanda"]
[Black "Montiel Caceres, Helen"]
[Result "0-1"]
[WhiteElo "1892"]
[BlackElo "2055"]
[PlyCount "120"]
[EventDate "2024.10.29"]
[EventType "swiss"]
[EventRounds "11"]
[EventCountry "BRA"]
[SourceTitle "CB45_2024"]
[Source "ChessBase"]
[SourceDate "2024.11.06"]
[SourceVersion "1"]
[SourceVersionDate "2024.11.06"]
[SourceQuality "1"]

1. d4 Nf6 2. c4 e6 3. Nf3 d5 4. g3 Bb4+ 5. Bd2 Be7 6. Bg2 0-0 7. Qc2 c6 8. 0-0 Nbd7 9. Bg5 Ne4 10. Bxe7 Qxe7 11. Nfd2 f5 12. f3 Nd6 13. e4 fxe4 14. fxe4 Rxf1+ 15. Nxf1 dxe4 16. Nbd2 e5 17. d5 cxd5 18. cxd5 Nf6 19. Ne3 Bd7 20. Rf1 Rc8 21. Qb3 Kh8 22. Kh1 Bb5 23. Re1 Qd7 24. Qd1 Bd3 25. b3 b5 26. Qa1 Nf7 27. Rc1 Rxc1+ 28. Qxc1 Nxd5 29. Nxe4 Nf6 30. Nc5 Qd4 31. Ne6 Qd6 32. Qc8+ Ng8 33. Bd5 Bg6 34. Ng5 Qf6 35. Nxf7+ Bxf7 36. Bxf7 Qxf7 37. Kg2 Qh5 38. g4 Qg5 39. Kf3 Qf4+ 40. Ke2 Qxh2+ 41. Kd3 Qxa2 42. Qe6 Qb1+ 43. Kd2 Qb2+ 44. Kd3 Qd4+ 45. Ke2 a5 46. Qf7 a4 47. bxa4 bxa4 48. Qf8 Qf4 49. Nf5 Qxg4+ 50. Kd3 Qg5 51. Nd6 Qg6+ 52. Kc4 Qe6+ 53. Kc5 h6 54. Nf5 Qf6 55. Qc8 a3 56. Nd6 a2 57. Qa8 Qf8 58. Kc4 Qf1+ 59. Kc5 a1Q 60. Nf7+ Kh7 0-1

[Event "Olympiad Women-45"]
[Site "Budapest"]
[Date "2024.09.20"]
[Round "9.2"]
[White "Montiel Caceres, Helen"]
[Black "Berke, Ana"]
[Result "0-1"]
[WhiteElo "1864"]
[BlackElo "2093"]
[PlyCount "54"]
[EventDate "2024.09.11"]
[EventType "team-swiss"]
[EventRounds "11"]
[EventCountry "HUN"]
[SourceTitle "EXT 2025"]
[Source "ChessBase"]
[SourceDate "2024.10.14"]
[SourceVersion "1"]
[SourceVersionDate "2024.10.14"]
[SourceQuality "1"]
[WhiteTeam "Paraguay (W)"]
[BlackTeam "Croatia (W)"]
[WhiteTeamCountry "PAR"]
[BlackTeamCountry "CRO"]

1. d4 Nf6 2. Bf4 e6 3. e3 d5 4. Nf3 c5 5. c3 Bd6 6. Nbd2 Qc7 7. Bxd6 Qxd6 8. Ne5 Nfd7 9. f4 g6 10. Qg4 f6 11. dxc5 Nxe5 12. fxe5 Qxe5 13. Qd4 0-0 14. Nf3 Qc7 15. Rc1 Nd7 16. c4 Nxc5 17. Be2 Qa5+ 18. Nd2 e5 19. Qc3 Qxc3 20. Rxc3 d4 21. exd4 exd4 22. Rg3 a5 23. 0-0 Ra6 24. Rf4 Rd6 25. b3 Re8 26. Bf3 Re1+ 27. Kf2 Nd3# 0-1

[Event "Pan American-ch U18 Girls 34th"]
[Site "Orlando"]
[Date "2024.07.18"]
[Round "6"]
[White "Montiel Caceres, Helen"]
[Black "Yan, Rui Yang"]
[Result "0-1"]
[WhiteElo "1910"]
[BlackElo "2209"]
[PlyCount "140"]
[EventDate "2024.07.15"]
[EventType "swiss"]
[EventRounds "9"]
[EventCountry "USA"]
[SourceTitle "EXT 2025"]
[Source "ChessBase"]
[SourceDate "2024.10.14"]
[SourceVersion "1"]
[SourceVersionDate "2024.10.14"]
[SourceQuality "1"]

1. d4 Nf6 2. c4 e6 3. Nc3 Bb4 4. e3 0-0 5. Bd3 d5 6. Nf3 dxc4 7. Bxc4 c5 8. 0-0 cxd4 9. exd4 b6 10. Bg5 Bb7 11. Rc1 Nbd7 12. Qe2 Bxc3 13. Rxc3 Qb8 14. Ne5 Nxe5 15. Bf4 Nf3+ 16. Rxf3 Bxf3 17. Qxf3 Qd8 18. Rd1 Rc8 19. Ba6 Qd5 20. Qxd5 Nxd5 21. Bxc8 Rxc8 22. Rc1 Rxc1+ 23. Bxc1 Nb4 24. Bd2 Nc6 25. Be3 Kf8 26. Kf1 Ke7 27. Ke2 Kd6 28. Kd3 Kd5 29. f3 h5 30. a3 Na5 31. Kc3 Nc4 32. Bf4 b5 33. Bc1 Nd6 34. Be3 a6 35. Kd3 Nf5 36. Bf2 Ne7 37. Be3 Ng6 38. g3 Ne7 39. Bf2 Nc6 40. f4 Na5 41. Be3 Nc4 42. Bc1 Nd6 43. Be3 Ne4 44. Bg1 g5 45. fxg5 Nxg5 46. Bf2 Nf3 47. h3 Ng5 48. h4 Ne4 49. Be1 Nd6 50. b3 Nf5 51. Bf2 Nh6 52. Be3 Ng4 53. Bf4 f6 54. Bc7 e5 55. dxe5 fxe5 56. Bb6 Nf6 57. Bf2 Ne4 58. Be1 Nc5+ 59. Kc3 Ke4 60. Bf2 Ne6 61. a4 Nd4 62. axb5 axb5 63. Kb4 Kf3 64. Bg1 Kxg3 65. Kc5 Nxb3+ 66. Kxb5 Nd4+ 67. Kc4 Nf3 68. Bc5 Nxh4 69. Kd3 Nf3 70. Ke2 Kg2 0-1

[Event "Titled Tuesday intern op 13th Feb Early"]
[Site "Chess.com INT"]
[Date "2024.02.13"]
[Round "9"]
[White "Kucza, Karol"]
[Black "Montiel Caceres, Helen"]
[Result "1-0"]
[WhiteElo "2328"]
[BlackElo "1682"]
[PlyCount "83"]
[EventDate "2024.02.13"]
[EventType "swiss (blitz)"]
[EventRounds "11"]
[EventCountry "USA"]
[SourceTitle "CBM 218 Extra"]
[Source "ChessBase"]
[SourceDate "2024.03.31"]
[SourceVersion "1"]
[SourceVersionDate "2024.03.31"]
[SourceQuality "1"]

1. Nf3 Nf6 2. c4 e6 3. d4 Bb4+ 4. Bd2 a5 5. a3 Bxd2+ 6. Qxd2 0-0 7. Nc3 d6 8. e4 Qe7 9. Bd3 e5 10. d5 Bg4 11. Be2 Na6 12. 0-0 Nc5 13. Qe3 a4 14. h3 Bxf3 15. Bxf3 Nfd7 16. Bd1 g6 17. Bc2 Nf6 18. Rae1 Nh5 19. g3 Qd7 20. Kg2 Ng7 21. f4 f6 22. f5 g5 23. Rh1 h6 24. Qe2 Kf7 25. h4 Rh8 26. hxg5 hxg5 27. Rxh8 Rxh8 28. Qd1 Qd8 29. Bxa4 Nxa4 30. Qxa4 Ke7 31. Qa7 b6 32. Nb5 Ne8 33. Rh1 Rxh1 34. Kxh1 Kd7 35. Kg2 g4 36. Qb7 Qc8 37. Qxc8+ Kxc8 38. Nc3 c6 39. Nd1 Nc7 40. Ne3 Na6 41. Nxg4 Nc5 42. Nxf6 1-0

[Event "Titled Tuesday intern op 13th Feb Early"]
[Site "Chess.com INT"]
[Date "2024.02.13"]
[Round "8"]
[White "Montiel Caceres, Helen"]
[Black "Doshi, Moksh Amitbhai"]
[Result "0-1"]
[WhiteElo "1682"]
[BlackElo "2353"]
[PlyCount "36"]
[EventDate "2024.02.13"]
[EventType "swiss (blitz)"]
[EventRounds "11"]
[EventCountry "USA"]
[SourceTitle "CBM 218 Extra"]
[Source "ChessBase"]
[SourceDate "2024.03.31"]
[SourceVersion "1"]
[SourceVersionDate "2024.03.31"]
[SourceQuality "1"]

1. e4 c5 2. Nf3 e6 3. b3 b6 4. Bb2 Bb7 5. Nc3 Nc6 6. d4 cxd4 7. Nxd4 Rc8 8. Ndb5 d6 9. Be2 Nf6 10. 0-0 Be7 11. Bf3 a6 12. Nd4 Ne5 13. Be2 b5 14. f4 Ned7 15. f5 e5 16. Bxb5 axb5 17. Ndxb5 0-0 18. Nxd6 Qb6+ 0-1

[Event "Pan American-ch School U17 Girls 12th"]
[Site "Callao"]
[Date "2023.10.19"]
[Round "6"]
[White "Orihuela Barreda, Alondra"]
[Black "Montiel Caceres, Helen"]
[Result "1-0"]
[WhiteElo "1440"]
[BlackElo "1682"]
[PlyCount "117"]
[EventDate "2023.10.16"]
[EventType "swiss"]
[EventRounds "9"]
[EventCountry "PER"]
[SourceTitle "CBM 217 Extra"]
[Source "ChessBase"]
[SourceDate "2024.01.31"]
[SourceVersion "1"]
[SourceVersionDate "2024.01.31"]
[SourceQuality "1"]

1. e4 c5 2. Nf3 e6 3. d4 cxd4 4. Nxd4 Nc6 5. Nb5 d6 6. Bf4 e5 7. Be3 a6 8. N5c3 Nf6 9. Be2 Be6 10. 0-0 d5 11. exd5 Nxd5 12. Nxd5 Bxd5 13. Nc3 Be6 14. Qxd8+ Rxd8 15. Bb6 Rc8 16. Rad1 Bb4 17. a3 Ba5 18. Bc5 Nd4 19. Bxd4 exd4 20. Rxd4 Bxc3 21. bxc3 Rxc3 22. Bf3 b5 23. Bd5 Bxd5 24. Rxd5 0-0 25. a4 bxa4 26. Ra5 Rxc2 27. Rxa4 Ra8 28. Rb1 Rac8 29. Raa1 a5 30. g3 R2c5 31. Kg2 g6 32. Rb7 Ra8 33. Ra4 h5 34. Rb6 Ra7 35. Rb8+ Kg7 36. Rb6 Kf8 37. Rb8+ Ke7 38. Rb6 Kd7 39. Rf6 Ke7 40. Rb6 Rf5 41. h3 Kd7 42. g4 hxg4 43. hxg4 Kc7 44. Rb3 Rc5 45. f3 Kc6 46. Kf2 Rb5 47. Rba3 Kb6 48. Rc4 Rb2+ 49. Kg3 Kb5 50. Re4 Rb4 51. Rxb4+ axb4 52. Rxa7 b3 53. Rb7+ Kc4 54. Kf4 Kc3 55. Rxf7 b2 56. Rb7 Kc2 57. Kg5 b1Q 58. Rxb1 Kxb1 59. Kxg6 1-0

[Event "Pan American-ch School U17 Girls 12th"]
[Site "Callao"]
[Date "2023.10.18"]
[Round "5"]
[White "Montiel Caceres, Helen"]
[Black "Alvarado Quintero, Laura Natalia"]
[Result "0-1"]
[WhiteElo "1682"]
[BlackElo "1456"]
[PlyCount "114"]
[EventDate "2023.10.16"]
[EventType "swiss"]
[EventRounds "9"]
[EventCountry "PER"]
[SourceTitle "CBM 217 Extra"]
[Source "ChessBase"]
[SourceDate "2024.01.31"]
[SourceVersion "1"]
[SourceVersionDate "2024.01.31"]
[SourceQuality "1"]

1. d4 d5 2. Bf4 Nf6 3. Nf3 c5 4. e3 Nc6 5. Nbd2 e6 6. c3 b6 7. Bb5 Bd7 8. Qe2 Be7 9. h3 0-0 10. 0-0 c4 11. b3 cxb3 12. axb3 a5 13. Rfc1 Na7 14. Bd3 Bc6 15. Ne5 Bb7 16. Bh2 h6 17. f4 Rc8 18. f5 Bd6 19. fxe6 fxe6 20. e4 Bc7 21. Ng6 Bxh2+ 22. Kxh2 Rf7 23. e5 Nh7 24. Qg4 Qe8 25. Nf4 Nf8 26. Nf3 Rcc7 27. Nh4 Bc8 28. Nh5 Qe7 29. Ng6 Nxg6 30. Qxg6 Kf8 31. Rf1 Qg5 32. Rxf7+ Rxf7 33. Qxg5 hxg5 34. b4 axb4 35. cxb4 Nc6 36. Ra8 Rc7 37. Ba6 Na7 38. Ng3 Ke7 39. Bxc8 Nxc8 40. Rb8 Kd7 41. b5 Ra7 42. Nh5 Kc7 43. Rxc8+ Kxc8 44. Kg3 Kd8 45. Kg4 Ke8 46. Kxg5 Kf7 47. Kf4 Ra5 48. Ke3 Rxb5 49. Nf4 Rb3+ 50. Kd2 Rg3 51. h4 Rg4 52. Ke3 Rxh4 53. g3 Rh2 54. Ne2 b5 55. Kd3 Rg2 56. Ke3 b4 57. Kf3 Rh2 0-1

[Event "Coronel Oviedo Friedmann Cup"]
[Site "Coronel Oviedo"]
[Date "2023.07.14"]
[Round "1"]
[White "Noguera Villalba, Vidal Samuel"]
[Black "Montiel Caceres, Helen"]
[Result "0-1"]
[WhiteElo "1090"]
[BlackElo "1759"]
[PlyCount "64"]
[EventDate "2023.07.14"]
[EventType "swiss"]
[EventRounds "7"]
[EventCountry "PAR"]
[SourceTitle "EXT 2024"]
[Source "ChessBase"]
[SourceDate "2023.10.10"]
[SourceVersion "1"]
[SourceVersionDate "2023.10.10"]
[SourceQuality "1"]

1. d4 Nf6 2. Nf3 g6 3. e3 Bg7 4. Bd3 c5 5. c3 0-0 6. 0-0 d6 7. Nbd2 Nc6 8. Qe2 Qb6 9. a3 Bg4 10. b4 cxd4 11. cxd4 e5 12. h3 Bxf3 13. Qxf3 exd4 14. exd4 Nxd4 15. Qf4 Nh5 16. Qh4 Qc6 17. Bb2 Nf5 18. Qg5 Bxb2 19. Rab1 Bf6 20. Qg4 Qd5 21. Bxf5 Qxd2 22. Rbd1 Qf4 23. Rd5 Be5 24. g3 Qxf5 25. Qc4 Qxh3 26. Qb5 Rac8 27. Qxb7 Rc2 28. Ra5 Bxg3 29. Qg2 Qg4 30. Rxa7 Nf4 31. Qh1 Bxf2+ 32. Kh2 Bg1# 0-1

[Event "Buenos Aires Masters op"]
[Site "Buenos Aires"]
[Date "2023.06.19"]
[Round "7"]
[White "Suasnabar, Jesus"]
[Black "Montiel Caceres, Helen"]
[Result "1/2-1/2"]
[WhiteElo "1922"]
[BlackElo "1634"]
[PlyCount "88"]
[EventDate "2023.06.14"]
[EventType "swiss"]
[EventRounds "9"]
[EventCountry "ARG"]
[SourceTitle "CBM 215 Extra"]
[Source "ChessBase"]
[SourceDate "2023.09.30"]
[SourceVersion "1"]
[SourceVersionDate "2023.09.30"]
[SourceQuality "1"]

1. e4 c5 2. c3 d5 3. exd5 Qxd5 4. d4 e6 5. Nf3 Nf6 6. Bd3 Be7 7. 0-0 0-0 8. Be3 b6 9. c4 Qd8 10. dxc5 Bxc5 11. Bxc5 bxc5 12. Ng5 Bb7 13. Qc2 h6 14. Ne4 Nbd7 15. Nbc3 a6 16. Rad1 Qe7 17. Rfe1 Bxe4 18. Bxe4 Nxe4 19. Qxe4 Nf6 20. Qh4 Qb7 21. b3 Rad8 22. h3 Qb6 23. Qg3 Qa5 24. Qe5 Nd7 25. Qe3 Nb8 26. Na4 Rd4 27. Nxc5 Rxd1 28. Rxd1 Qxa2 29. Qc3 Qa3 30. Ne4 Qe7 31. c5 Nc6 32. Rd6 Rc8 33. b4 Qb7 34. Qf3 Qxb4 35. Rxc6 Rxc6 36. Nf6+ gxf6 37. Qxc6 Qe1+ 38. Kh2 Qxf2 39. Qd6 e5 40. c6 Qf4+ 41. Kg1 Qe3+ 42. Kf1 Qc1+ 43. Ke2 Qc2+ 44. Ke3 Qc3+ 1/2-1/2

[Event "Buenos Aires Masters op"]
[Site "Buenos Aires"]
[Date "2023.06.18"]
[Round "5"]
[White "Cidre, Valentino"]
[Black "Montiel Caceres, Helen"]
[Result "1-0"]
[WhiteElo "1993"]
[BlackElo "1634"]
[PlyCount "127"]
[EventDate "2023.06.14"]
[EventType "swiss"]
[EventRounds "9"]
[EventCountry "ARG"]
[SourceTitle "CBM 215 Extra"]
[Source "ChessBase"]
[SourceDate "2023.09.30"]
[SourceVersion "1"]
[SourceVersionDate "2023.09.30"]
[SourceQuality "1"]

1. e4 e5 2. Nf3 Nc6 3. Bc4 Nf6 4. d3 Bc5 5. 0-0 d6 6. c3 h6 7. Re1 a5 8. Be3 Ba7 9. Nbd2 0-0 10. Nf1 Re8 11. Qb3 Be6 12. Bxe6 fxe6 13. Qxb7 Qd7 14. Bxa7 Rxa7 15. Qb3 d5 16. Ng3 Ra6 17. Re2 Rb6 18. Qa3 d4 19. c4 Rb4 20. b3 a4 21. Nxe5 Nxe5 22. Qxb4 Nxd3 23. Qd2 Ne5 24. f4 d3 25. Re3 Qd4 26. Rae1 Neg4 27. Qxd3 Qb6 28. h3 Nxe3 29. Qxe3 Qb4 30. Rd1 e5 31. fxe5 Rxe5 32. Qd4 Re7 33. Qd8+ Kh7 34. Nf5 Rxe4 35. Qxc7 Re1+ 36. Kh2 Ne8 37. Qd8 axb3 38. axb3 Rxd1 39. Qxd1 Qb8+ 40. Kg1 Nf6 41. Qd3 g6 42. Ne7 Qe8 43. Qe3 Qd7 44. Qe5 Nh5 45. Nd5 Qc8 46. Qc7+ Qxc7 47. Nxc7 Nf4 48. Nd5 Nd3 49. Kh2 Kg7 50. Kg3 Kf7 51. Kf3 g5 52. Ke4 Nc5+ 53. Ke5 Nxb3 54. Ne3 Kg6 55. Kd6 Nd4 56. c5 Kh5 57. g3 Kg6 58. c6 Nb5+ 59. Kd7 Kf6 60. Ng4+ Kg6 61. Ne3 h5 62. c7 Na7 63. Ke6 Nc8 64. Nd5 1-0

[Event "Buenos Aires Masters op"]
[Site "Buenos Aires"]
[Date "2023.06.18"]
[Round "6"]
[White "Montiel Caceres, Helen"]
[Black "Ponti, Enrique"]
[Result "1/2-1/2"]
[WhiteElo "1634"]
[BlackElo "2044"]
[PlyCount "49"]
[EventDate "2023.06.14"]
[EventType "swiss"]
[EventRounds "9"]
[EventCountry "ARG"]
[SourceTitle "CBM 215 Extra"]
[Source "ChessBase"]
[SourceDate "2023.09.30"]
[SourceVersion "1"]
[SourceVersionDate "2023.09.30"]
[SourceQuality "1"]

1. d4 d5 2. c4 c6 3. Nf3 Nf6 4. Nc3 g6 5. e3 Bg7 6. Be2 0-0 7. 0-0 Bg4 8. cxd5 Nxd5 9. Nxd5 cxd5 10. b3 Nc6 11. a4 a5 12. Bd3 Re8 13. Bb5 Rc8 14. h3 Bd7 15. Qd2 Nb8 16. Bd3 Bc6 17. h4 Nd7 18. g3 e5 19. Be2 e4 20. Ne1 f5 21. Ng2 Nf6 22. b4 axb4 23. Qxb4 Re6 24. Rb1 h6 25. a5 1/2-1/2

[Event "Buenos Aires Masters op"]
[Site "Buenos Aires"]
[Date "2023.06.17"]
[Round "4"]
[White "Montiel Caceres, Helen"]
[Black "Aberbach Peltzman, Angel Sergio"]
[Result "1-0"]
[WhiteElo "1634"]
[BlackElo "1811"]
[PlyCount "139"]
[EventDate "2023.06.14"]
[EventType "swiss"]
[EventRounds "9"]
[EventCountry "ARG"]
[SourceTitle "CBM 215 Extra"]
[Source "ChessBase"]
[SourceDate "2023.09.30"]
[SourceVersion "1"]
[SourceVersionDate "2023.09.30"]
[SourceQuality "1"]

1. c4 c5 2. Nc3 Nf6 3. e4 Nc6 4. g3 d6 5. d3 g6 6. Bg2 Bg7 7. Nge2 0-0 8. h3 Bd7 9. 0-0 Ne8 10. Be3 Nd4 11. Rb1 a6 12. b4 b5 13. bxc5 dxc5 14. cxb5 Nxe2+ 15. Nxe2 Bxb5 16. Bxc5 Rc8 17. Rc1 Qxd3 18. Qxd3 Bxd3 19. Bxe7 Rxc1 20. Nxc1 Bxf1 21. Bxf1 Nc7 22. Bxf8 Kxf8 23. Nb3 Bc3 24. Bc4 f6 25. f4 a5 26. a4 Ne8 27. Kg2 Nd6 28. Bd5 g5 29. Kf3 h5 30. e5 fxe5 31. fxe5 Nf5 32. Nc5 Ke7 33. g4 hxg4+ 34. hxg4 Nh4+ 35. Ke4 Ng6 36. Nd3 Nh4 37. Bb3 Bd2 38. Nb2 Ng2 39. Nc4 Bb4 40. Kf5 Ne1 41. Kxg5 Nd3 42. Kf5 Bc3 43. Bc2 Nc5 44. g5 Ne6 45. Bd1 Nd4+ 46. Ke4 Ne6 47. g6 Ng5+ 48. Kd3 Be1 49. Nd6 Ne6 50. Nf5+ Kf8 51. Kc4 Bd2 52. Bb3 Ng7 53. Nd6 Bf4 54. Kd5 Ke7 55. Ke4 Bd2 56. Nc8+ Kd8 57. Nb6 Ke8 58. Bf7+ Kd8 59. e6 Bb4 60. Nd5 Bc5 61. e7+ Bxe7 62. Nxe7 Kxe7 63. Kd5 Kd7 64. Kc5 Kc7 65. Kb5 Kd6 66. Kxa5 Kc5 67. Ka6 Kc6 68. Bb3 Nf5 69. Bc2 Ng7 70. Be4+ 1-0

[Event "Buenos Aires Masters op"]
[Site "Buenos Aires"]
[Date "2023.06.15"]
[Round "2"]
[White "Montiel Caceres, Helen"]
[Black "Ocampos, Ian Guido"]
[Result "0-1"]
[WhiteElo "1634"]
[BlackElo "2222"]
[PlyCount "50"]
[EventDate "2023.06.14"]
[EventType "swiss"]
[EventRounds "9"]
[EventCountry "ARG"]
[SourceTitle "CBM 215 Extra"]
[Source "ChessBase"]
[SourceDate "2023.09.30"]
[SourceVersion "1"]
[SourceVersionDate "2023.09.30"]
[SourceQuality "1"]

1. d4 Nf6 2. c4 g6 3. Nc3 d5 4. cxd5 Nxd5 5. e4 Nxc3 6. bxc3 c5 7. Nf3 Bg7 8. Be2 Nc6 9. d5 Bxc3+ 10. Bd2 Bxa1 11. Qxa1 Nd4 12. Nxd4 cxd4 13. Qxd4 f6 14. 0-0 Bd7 15. Rb1 b5 16. e5 0-0 17. Bc3 Qb6 18. e6 Bc8 19. Qxb6 axb6 20. Bxb5 Rd8 21. Bxf6 Ra7 22. Bd4 Rxd5 23. Bxb6 Rb7 24. Ba6 Rxb6 25. Rxb6 Bxa6 0-1

[Event "PAR-ch U20"]
[Site "Asuncion"]
[Date "2023.06.04"]
[Round "6"]
[White "Da Ponte Vera, Giuseppe G"]
[Black "Montiel Caceres, Helen"]
[Result "0-1"]
[WhiteElo "1385"]
[BlackElo "1634"]
[PlyCount "90"]
[EventDate "2023.06.02"]
[EventType "swiss"]
[EventRounds "7"]
[EventCountry "PAR"]
[SourceTitle "CBM 214 Extra"]
[Source "ChessBase"]
[SourceDate "2023.07.31"]
[SourceVersion "1"]
[SourceVersionDate "2023.07.31"]
[SourceQuality "1"]

1. e4 c5 2. Nf3 e6 3. d4 cxd4 4. Nxd4 Nc6 5. Be3 Qc7 6. Be2 a6 7. a3 Nf6 8. Nc3 Be7 9. Qd2 b5 10. 0-0 Ne5 11. Bd3 Nc4 12. Bxc4 Qxc4 13. f3 b4 14. axb4 Bxb4 15. Nde2 d5 16. Qd3 Qxd3 17. cxd3 Bb7 18. Na4 Rc8 19. Rfc1 0-0 20. Bc5 Bd2 21. Bxf8 Bxc1 22. Rxc1 Rxc1+ 23. Nxc1 Kxf8 24. Nc5 Bc8 25. Na2 Ke7 26. e5 Nd7 27. Nxd7 Kxd7 28. d4 Kc6 29. Nc3 Kb6 30. b4 Bd7 31. Kf2 Bb5 32. Ke3 Bf1 33. g4 a5 34. bxa5+ Kxa5 35. h4 Kb4 36. Nb1 f6 37. f4 Bh3 38. g5 fxg5 39. fxg5 Bf5 40. Nd2 Kc3 41. Nf1 h6 42. Ng3 Bg4 43. Nf1 Kc2 44. Nd2 Bh5 45. Nf1 Bg4 0-1

[Event "PAR-ch U20"]
[Site "Asuncion"]
[Date "2023.06.02"]
[Round "1"]
[White "Montiel Caceres, Helen"]
[Black "Noguera Villalba, Vidal Samuel"]
[Result "1-0"]
[WhiteElo "1634"]
[BlackElo "1097"]
[PlyCount "57"]
[EventDate "2023.06.02"]
[EventType "swiss"]
[EventRounds "7"]
[EventCountry "PAR"]
[SourceTitle "CBM 214 Extra"]
[Source "ChessBase"]
[SourceDate "2023.07.31"]
[SourceVersion "1"]
[SourceVersionDate "2023.07.31"]
[SourceQuality "1"]

1. d4 d5 2. Nf3 Nf6 3. Bf4 e6 4. e3 a6 5. Bd3 Bd6 6. Nbd2 Nbd7 7. c3 b5 8. a4 Bb7 9. axb5 axb5 10. Rxa8 Qxa8 11. Bxb5 Ba6 12. Qa4 0-0 13. Qxa6 Qxa6 14. Bxa6 Re8 15. Bb5 Re7 16. Ke2 e5 17. Bg5 e4 18. Nh4 h6 19. Nf5 hxg5 20. Nxe7+ Bxe7 21. Ra1 Kh7 22. Ra7 Bd6 23. c4 dxc4 24. Nxc4 Bxh2 25. g3 Nf8 26. Rxc7 Kg6 27. Ne5+ Kf5 28. Rxf7 N8h7 29. Bd7# 1-0

[Event "Asuncion zt 2.5 (Women)"]
[Site "Asuncion"]
[Date "2023.03.06"]
[Round "3"]
[White "Montiel Caceres, Helen"]
[Black "Mayeregger Gonzalez, Renata Valentina"]
[Result "1-0"]
[WhiteElo "1644"]
[BlackElo "1660"]
[PlyCount "73"]
[EventDate "2023.03.05"]
[EventType "swiss"]
[EventRounds "9"]
[EventCountry "PAR"]
[SourceTitle "CBM 213 Extra"]
[Source "ChessBase"]
[SourceDate "2023.05.31"]
[SourceVersion "1"]
[SourceVersionDate "2023.05.31"]
[SourceQuality "1"]

1. d4 c5 2. d5 e6 3. c4 exd5 4. cxd5 d6 5. Nc3 g6 6. Nf3 Bg7 7. Bf4 a6 8. a4 Ne7 9. h3 0-0 10. e3 Nd7 11. Nd2 Ne5 12. Be2 Bf5 13. e4 Bd7 14. Bg3 f5 15. 0-0 f4 16. Bh4 h6 17. f3 g5 18. Bf2 N7g6 19. a5 Kf7 20. Na4 Bxa4 21. Rxa4 Rh8 22. b4 h5 23. bxc5 dxc5 24. Bxc5 Nd7 25. Bf2 Nge5 26. Nc4 Nxc4 27. Bxc4 Ne5 28. d6+ Kg6 29. Be6 Kf6 30. Qd5 Qe8 31. Bf5 Qf7 32. Qc5 Qe8 33. Bd4 Kf7 34. Qd5+ Kf8 35. d7 Nxd7 36. Bxd7 Bxd4+ 37. Qxd4 1-0

[Event "Asuncion zt 2.5 (Women)"]
[Site "Asuncion"]
[Date "2023.03.06"]
[Round "2"]
[White "Quevedo, Andreina"]
[Black "Montiel Caceres, Helen"]
[Result "1/2-1/2"]
[WhiteElo "1790"]
[BlackElo "1644"]
[PlyCount "126"]
[EventDate "2023.03.05"]
[EventType "swiss"]
[EventRounds "9"]
[EventCountry "PAR"]
[SourceTitle "CBM 213 Extra"]
[Source "ChessBase"]
[SourceDate "2023.05.31"]
[SourceVersion "1"]
[SourceVersionDate "2023.05.31"]
[SourceQuality "1"]

1. e4 c5 2. Nf3 e6 3. c4 Nc6 4. d4 cxd4 5. Nxd4 Nf6 6. Nc3 Bb4 7. Nxc6 bxc6 8. Bd3 e5 9. 0-0 h6 10. Be3 0-0 11. Qb3 Qe7 12. Na4 Ng4 13. Bc1 Ba5 14. c5 d6 15. cxd6 Qxd6 16. h3 Rb8 17. Qc2 Nf6 18. a3 Be6 19. Nc5 Bb6 20. Be3 Nd7 21. b4 Bxc5 22. bxc5 Qe7 23. Rab1 Qh4 24. f3 Rxb1 25. Rxb1 Rb8 26. Rxb8+ Nxb8 27. Qf2 Qd8 28. Qc2 Qa5 29. Qb2 Nd7 30. Qb4 Qc7 31. a4 Qb8 32. Qxb8+ Nxb8 33. Kf2 Bb3 34. a5 Kf8 35. Ke2 Ke7 36. Kd2 a6 37. f4 f6 38. h4 Ba4 39. g4 Bb5 40. Bc2 Nd7 41. f5 Nf8 42. g5 hxg5 43. hxg5 Nd7 44. Bb3 Ke8 45. g6 Kf8 46. Be6 Ke7 47. Kc3 Be2 48. Bxd7 Kxd7 49. Bh6 Ke7 50. Bxg7 Bf3 51. Kd3 Bd1 52. Bh8 Bb3 53. Kc3 Ba2 54. Kd3 Bb3 55. Bg7 Bd1 56. Ke3 Bh5 57. Bh8 Bd1 58. Bg7 Bb3 59. Bh8 Bd1 60. Kd2 Bb3 61. Bg7 Ba4 62. Bh6 Bb3 63. Be3 Ba2 1/2-1/2

[Event "Vicente Lopez ProAm 100 Years op"]
[Site "Buenos Aires"]
[Date "2022.10.16"]
[Round "7"]
[White "Montiel Caceres, Helen"]
[Black "Montiel, Angel Nathanael"]
[Result "1/2-1/2"]
[WhiteElo "1695"]
[BlackElo "1963"]
[PlyCount "101"]
[EventDate "2022.10.11"]
[EventType "swiss"]
[EventRounds "9"]
[EventCountry "ARG"]
[SourceTitle "CBM 210 Extra"]
[Source "ChessBase"]
[SourceDate "2022.11.30"]
[SourceVersion "1"]
[SourceVersionDate "2022.11.30"]
[SourceQuality "1"]

1. d4 f5 2. Nc3 e6 3. Nf3 d5 4. Bg5 Nf6 5. h4 c5 6. e3 a6 7. h5 Nbd7 8. h6 g6 9. dxc5 Bxc5 10. Nd4 Qe7 11. g4 fxg4 12. Be2 Ne5 13. Bf4 Nc6 14. Nxc6 bxc6 15. Be5 Rf8 16. Bxg4 Nxg4 17. Qxg4 Rf5 18. Bg3 Qg5 19. Qa4 Bd7 20. Ne2 e5 21. Qa5 Qe7 22. 0-0-0 Rf8 23. Bh4 Qd6 24. Nc3 Bb4 25. Qb6 Qc5 26. Qb7 Qa7 27. Qxb4 Rf7 28. Qd6 Qb8 29. Qxb8+ Rxb8 30. a3 Bg4 31. Rdg1 Bf5 32. Bg3 Re7 33. f4 d4 34. Nd1 dxe3 35. Nxe3 Be4 36. Rh2 exf4 37. Bxf4 Rb5 38. Nc4 Rc5 39. Nd6+ Kd7 40. Rd2 Bd5 41. b3 Rc3 42. Nc4 Ke8 43. Bg5 Re6 44. Kb2 Rh3 45. Ne3 Rexe3 46. Bxe3 Rxe3 47. c4 Be6 48. Rd6 Bd7 49. Rgd1 Re7 50. Rh1 Bf5 51. Rd2 1/2-1/2